| 000 | 00518ntaaa2200205 4500 | ||
|---|---|---|---|
| 003 | 01 | ||
| 005 | 20251027201950.0 | ||
| 008 | 0714s1973 ag 01 | ||
| 040 |
_aAR-BaBN _bspa _cAR-BaBN _eaacr _dRIC |
||
| 082 | _a248.0000 T15d | ||
| 100 |
_aTanquerey, Adolfo _918186 |
||
| 245 | _aLa divinización del sufrimiento | ||
| 250 | _a1 ed. | ||
| 260 |
_aBuenos Aires : _bElcelsa, _c1946 |
||
| 300 | _a186 p. | ||
| 650 | _aVida Cristiana | ||
| 650 |
_aJesucristo-Vida _91884 |
||
| 650 |
_aSufrimiento _92432 |
||
| 942 | _cBK | ||
| 999 |
_c14385 _d14385 |
||